| 000 | 00704nam a2200229 a 4500 | ||
|---|---|---|---|
| 005 | 20240806064007.0 | ||
| 008 | 020910s1994 mx r 000 0 spa d | ||
| 020 | _a8476692609 | ||
| 035 | _aUPN01000119024 | ||
| 049 | _aCG | ||
| 050 | 4 |
_aPR6056 E4 _bH5.78 |
|
| 100 | 1 |
_aFell, Alison, _d1947- . |
|
| 245 | 1 | 4 |
_aLas historias de alcoba de doña Onogoro / _cAlison Fell ; tr. del inglés por María José Rodellar. |
| 260 |
_aBarcelona, Esp. : _bMuchnik, _cc1994. |
||
| 300 | _a320 p. | ||
| 440 | 0 | _aNovela | |
| 534 |
_pTraducción de : _tThe pillow boy of the lady Onogoro. |
||
| 650 | 4 |
_aLiteratura inglesa _95228 |
|
| 700 | 1 |
_aRodellar, María José, _etr. |
|
| 902 | _aLibro | ||
| 905 | _aBDV/dmcv | ||
| 999 |
_c91384 _d91384 |
||